Primary commodity prices: Economic models and policy (Record no. 40817)

MARC details
000 -LEADER
fixed length control field 00375nam a2200133Ia 4500
082 ## - DEWEY DECIMAL CLASSIFICATION NUMBER
Classification number 339.172:338.53
Item number WIN
245 #0 - TITLE STATEMENT
Title Primary commodity prices: Economic models and policy
260 ## - PUBLICATION, DISTRIBUTION, ETC. (IMPRINT)
Place of publication New York
Name of publisher Cambridge University Press
Year of publication 1990
650 ## - SUBJECT ADDED ENTRY--TOPICAL TERM
Topical Term Econometrics
700 ## - ADDED ENTRY--PERSONAL NAME
Personal name L Alan
700 ## - ADDED ENTRY--PERSONAL NAME
Personal name Sapsford, David
942 ## - ADDED ENTRY ELEMENTS (KOHA)
Koha item type Books
Holdings
Withdrawn status Lost status Damaged status Not for loan Home library Current library Date acquired Cost, normal purchase price Full call number Accession Number Koha item type
        RRII Library RRII Library 16/12/2021 40.00 339.172:338.53 WIN 21111 Books